UBT Library

PERSPECTIVES ON GROWTH AND POVERTY (Record no. 34035)

000 -LEADER
fixed length control field 00303nam a22001337a 4500
008 - FIXED-LENGTH DATA ELEMENTS--GENERAL INFORMATION
fixed length control field 171016b xxu||||| |||| 00| 0 eng d
020 ## - INTERNATIONAL STANDARD BOOK NUMBER
International Standard Book Number 9789280810912
041 ## - LANGUAGE CODE
Language code of text/sound track or separate title eng
080 ## - UNIVERSAL DECIMAL CLASSIFICATION NUMBER
Universal Decimal Classification number 33
100 ## - Rafti
Rafti 52
101 ## - Shkurtesa
Shkurtesa EKO
245 ## - TITLE STATEMENT
Title PERSPECTIVES ON GROWTH AND POVERTY
Statement of responsibility, etc HOEVEN,R.V
942 ## - ADDED ENTRY ELEMENTS (KOHA)
Source of classification or shelving scheme
Item type Books
Holdings
Withdrawn status Lost status Source of classification or shelving scheme Damaged status Not for loan Collection code Permanent location Current location Shelving location Date acquired Total Checkouts Full call number Barcode Date last seen Price effective from Koha item type
          Koleksioni i përgjithshem UBT - Lipjan UBT - Lipjan Koleksioni i përgjithshem 10/16/2017   33 HOE 002-2931413 10/16/2017 10/16/2017 Books
          Koleksioni i përgjithshem UBT - Lipjan UBT - Lipjan Koleksioni i përgjithshem 10/16/2017   33 HOE 002-2931423 10/16/2017 10/16/2017 Books
          Koleksioni i përgjithshem UBT - Lipjan UBT - Lipjan Koleksioni i përgjithshem 10/16/2017   33 HOE 002-2931418 10/16/2017 10/16/2017 Books
          Koleksioni i përgjithshem UBT - Lipjan UBT - Lipjan Koleksioni i përgjithshem 10/16/2017   33 HOE 002-2931408 10/16/2017 10/16/2017 Books
UBT Library © 2015-2024. All rights reserved University Education for Business and Technology